000
00319 a2200157 4500
001
173674
020
_a
040
_c
Magnum
100
_a
Paschoal, Engel
240
1
0
_a
O relogio de urupa
_l
por
245
1
0
_a
O relogio de urupa
362
0
_a
1899
440
1
_a
Melhoramentos
697
_a
IJ/GERAL
942
_c
BK
999
_c
173674
_d
173674